| 000 | 01041cam a2200301 i 4500 | ||
|---|---|---|---|
| 001 | 15990 | ||
| 003 | BD-RjUL | ||
| 005 | 20211208235928.0 | ||
| 008 | 140211s1978 mnua b 001 0 eng | ||
| 020 | _a0829901477 : | ||
| 035 | _a(BD-RjUL)16045 | ||
| 040 |
_aDLC _cDLC _dDLC _dBD-RjUL _beng |
||
| 041 | _aeng | ||
| 082 | 0 | 0 |
_a658.4033 _bANE 1980 |
| 100 | 1 |
_aAnderson, David Ray, _d1941- _949526 |
|
| 245 | 1 | 0 |
_aEssentials of management science : _bApplications to decision making / _cDavid R. Anderson, Dennis J. Sweeney and Thomas A. Williams. |
| 260 |
_aSt. Paul : _bWest Pub. Co., _cc1978. |
||
| 300 |
_axxi, 602 p. : _bill. ; _c26 cm. |
||
| 504 | _aBibliography: p. 579-583 and index. | ||
| 650 | 0 |
_aDecision making _xMathematical models. _949527 |
|
| 650 | 0 |
_aStatistical decision. _949528 |
|
| 650 | 0 |
_aOperations research. _949529 |
|
| 700 | 1 |
_aSweeney, Dennis J., _ejoint author. _949530 |
|
| 700 | 1 |
_aWilliams, Thomas Arthur, _d1944- _ejoint author. _949531 |
|
| 942 |
_2ddc _cBK |
||
| 999 |
_c15990 _d15990 |
||